| 000 | 02676nam a2200301Ia 4500 | ||
|---|---|---|---|
| 999 |
_c45482 _d45482 |
||
| 001 | 12307 | ||
| 003 | GE_BSU | ||
| 005 | 20240709173015.0 | ||
| 008 | 181216s2013||||ge |||||||||||||| ||geo|| | ||
| 040 | _cGE_BSU | ||
| 041 | _ageo | ||
| 080 | _a821.353.1-3 შ-47 | ||
| 245 |
_a შემოდგომის ლეგენდა 2013 : მე შენ (არ) გეტყვი : ახალი სახეები, ახალი სახელები, შენი ხელწერა : სტუდენტური ლიტერატურული კონკურსი : 5 წლის საიუბილეო გამოცემა (2009-2013) / _cბექა ადამაშვილი, რატი წეროძე, ანა ლაზვიაშვილი ; იდეის ავტორი ნინო კალანდია ; რედაქტორი ქეთევან გაბოშვილი. |
||
| 264 |
_aთბილისი : _bთსუ, _c2013. |
||
| 300 |
_a32 გვ. : _bილ. ; _c20 სმ. |
||
| 500 | _aივანე ჯავახიშვილის სახელობის თბილისის სახელმწიფო უნივერსიტეტისა და კომპანია "ჯეოსელის" ერთობლივი პროექტი | ||
| 520 | _aივანე ჯავახიშვილის სახ.თბილისის სახ.უნ-ტის და კომპანია ჯეოსელის ერთობლივი პროექტი.სტუდენტური ლიტ-ული კონკურსი შემოდგომის ლეგენდა 5წ.საიუბილეო გამოც.2009-2013. | ||
| 653 | _aშემოდგომის ლეგენდა | ||
| 653 | _a ახალი სახეები | ||
| 653 | _a ახალი სახელები | ||
| 653 | _a შენი ხელწერა | ||
| 700 |
_aადამაშვილი, ბექა _eავტორი (ავტორობით) _922787 |
||
| 700 |
_aწეროძე, რატი _eავტორი (ავტორობით) _922785 |
||
| 700 |
_aლაზვიაშვილი, ანა, _eავტორი (ავტორობით) _922788 |
||
| 700 |
_aკალანდია, ნინო _eიდეის ავტორი (ავტორობით) _912723 |
||
| 700 |
_aგაბოშვილი, ქეთევან _eრედაქტორი (ავტორობით) _922789 |
||
| 942 |
_cBK _2udc |
||